00773nam a2200205 a 450000100060000000300090000600800410001502000180005604000280007408200090010210000240011124501250013526000560026030000140031649000220033050000390035250501220039165000230051365000310053623994CO-ViMGA141112s2004 ck r 000 u spa d a9789588334257 aCO-ViMGAbspacCO-ViMGA04aPAUa1 aPauli, Gunter, 195610aFabulas de Gunter / cGunter Pauli; traductores Melissa laverde Rmirez, Dario Andres Leal Cortes, Fabian Perdome Delgado aColombia : bfundacion hogares juveniles campesinos a7 v. + CD aFabulas de Gunter aTexto bilinguie español - ingles av.1. Energia - v.2. Trabajo - v.3. Alimentacion - v.4. Vivienda - v.5. educación y ética - v.6. Agua - v.7. Salud14a2 : FABULAS BELGAS14aCUENTOS INFANTILES BELGAS